New pelican guide to english literature : (Record no. 7610)

MARC details
000 -LEADER
fixed length control field 00556cam a2200205ua 4500
001 - CONTROL NUMBER
control field 8515
005 - DATE AND TIME OF LATEST TRANSACTION
control field 20260515114337.0
008 - FIXED-LENGTH DATA ELEMENTS--GENERAL INFORMATION
fixed length control field 150205n ii |||gr||||Z||||||eng
040 ## - CATALOGING SOURCE
Transcribing agency MAIN
041 ## - LANGUAGE CODE
Language code of text/sound track or separate title eng
082 ## - DEWEY DECIMAL CLASSIFICATION NUMBER
Classification number 820
100 ## - MAIN ENTRY--PERSONAL NAME
Personal name Ford, B.,
Relator term Editor.
245 1# - TITLE STATEMENT
Title New pelican guide to english literature :
Remainder of title Vol III /
Statement of responsibility, etc. Edited by Boris Ford .
250 ## - EDITION STATEMENT
Edition statement 1st /
Remainder of edition statement From donne to marvell.
260 ## - PUBLICATION, DISTRIBUTION, ETC.
Place of publication, distribution, etc. London:
Name of publisher, distributor, etc. Penguin,
Date of publication, distribution, etc. 1984.
300 ## - PHYSICAL DESCRIPTION
Extent 412p.
653 ## - INDEX TERM--UNCONTROLLED
Uncontrolled term English.& Old English literatures
653 ## - INDEX TERM--UNCONTROLLED
Uncontrolled term English literature
942 ## - ADDED ENTRY ELEMENTS (KOHA)
Koha item type Books
Holdings
Withdrawn status Lost status Damaged status Not for loan Home library Current library Shelving location Date acquired Total checkouts Full call number Barcode Date last seen Copy number Price effective from Koha item type
        Naharkatiya College Library Naharkatiya College Library General stacks 09/19/2020   820 | NEW 4840 09/19/2020 1 09/19/2020 Books